Top 10 du tour de France : nationalités - Statistiques

Statistiques générales
  • Ce quiz a été pris 146 fois
    30 depuis la dernière actualisation
  • Le résultat moyen est 18 sur 24
Statistiques - réponses
Nombre de Top 10 Réponse % Correct
7 Italie
100%
29 Espagne
96%
23 France
96%
2 Allemagne
89%
3 Belgique
89%
6 Etats-Unis
89%
11 Pays-Bas
89%
10 Slovénie
89%
1 Suisse
89%
13 Colombie
85%
1 Portugal
81%
18 Royaume-Uni
81%
6 Danemark
74%
2 Russie
74%
2 Canada
70%
4 Irlande
67%
1 Norvège
67%
6 Australie
63%
2 Autriche
63%
1 Equateur
63%
3 Luxembourg
63%
3 Afrique du Sud
56%
4 République Tchèque
56%
2 Kazakhstan
33%
Aucun quiz correspondant
Distribution des résultats
% des personnes avec chaque résultat
Percentile par nombre de réponses
Votre historique - résultats
Vous n’avez pas pris ce quiz depuis la dernière actualisation